Pyrénées-Orientales - mort subite - Statistiques

Statistiques générales
  • Ce quiz a été pris 39 fois
  • Le résultat moyen est 8 sur 18
Answers on the Grid
Answers color-coded by a green-red scale on the quiz's grid according to % correct below.
Biarritz
Pau
Bayonne
Escuintla
Hendaye
Une frontière avec l'Andorre
Taiyuan
Le Chaos de Targassonne
Mont Canigou
Prades
Tepic
Collioure
Canet-en-Roussillon
La Cerdagne
Domaine Treloar
Perpignan
La réserve de Mantet
Haryana
Terrassa
Un affluent de l'Èbre
Trou-aux-Biches
Eus
Benishangul-Gumaz
Bompas
Molitg-les-Bains
Lérida
Pic de Madrès
Font-Romeu-Odeillo-Via
Llívia
Sabadell
Mosset
Puigcerdà
Móstoles
Castellón de la Plana
Bellver de Cerdanya
Ille-sur-Têt
 
Statistiques - réponses
Réponse % Correct
Perpignan
92%
Canet-en-Roussillon
88%
Collioure
88%
Prades
84%
Mont Canigou
76%
La Cerdagne
68%
Une frontière avec l'Andorre
64%
Font-Romeu-Odeillo-Via
60%
Eus
56%
Bompas
28%
Ille-sur-Têt
28%
La réserve de Mantet
28%
Molitg-les-Bains
24%
Pic de Madrès
20%
Le Chaos de Targassonne
12%
Le Sègre Un affluent de l'Èbre
12%
Domaine Treloar
4%
Mosset
4%
Aucun quiz correspondant
Distribution des résultats
% des personnes avec chaque résultat
Percentile par nombre de réponses
Votre historique - résultats
Vous n’avez pas pris ce quiz